عرض عادي عرض مارك
  • Elst, Lu

مدخل إسم شخص

عدد التسجيلات المستخدمة في: 1

001 - رقم الضبط

  • حقل الضبط: 57243

003 - معرف رقم الضبط

  • حقل الضبط: OSt

005 - تاريخ ووقت أخر عملية

  • حقل الضبط: 20161212081042.0

008 - عناصر بيانات ثابتة الطول

  • حقل تحكم ثابت الطول: 161212|| aca||aabn | a|a d

040 ## - مصدر الفهرسة

  • هيئة الفهرسة الأصلية: OSt
  • وكالة الكتابة: OSt

100 ## - مدخل -- أسم شخص

  • إسم شخص: Elst, Lu

670 ## - بيانات المصدر موجوده

  • الاستشهاد بالمصدر: Work cat.: (OSt)3724: AMKM 2003 (2003 Stanford, Calif.)10 57240, Berl, c2004.